| 000 | 00689cam a2200217 a 4500 | ||
|---|---|---|---|
| 001 | 000010873 | ||
| 003 | DO-SdBNP | ||
| 005 | 20250610091303.0 | ||
| 008 | 790522s ve a b 000 0 spa d | ||
| 040 |
_aDO-SdBNP _bspa _cBNPHU |
||
| 082 |
_a553.28 _bS161p |
||
| 100 | 1 |
_aSalas, Guillermo José. _926219 |
|
| 245 | 1 | 0 |
_aPetróleo / _cGuillermo José Salas. |
| 260 |
_aCaracas : _bMonte Ávila, _c[19??]. |
||
| 300 |
_a185 p. : _bil. ; _c17 cm. |
||
| 490 | 0 | _aManuales y monografías | |
| 504 | _aIncluye bibliografías: 181 p. | ||
| 650 | 4 |
_aPetróleo _96928 |
|
| 650 | 0 |
_aIndustria del petróleo _xHistoria _vPublicaciones periódicas _zRepública Dominicana _926220 |
|
| 942 |
_2ddc _cLBS1 |
||
| 999 |
_c10622 _d10622 |
||